000 00775nam a2200253Ia 4500
003 OSt
005 20221005091320.0
006 a|||||r|||| 00| 0
007 ta
008 221004b |||||||| |||| 00| 0 eng d
020 _a0333740726
_c1702.34
024 _a86281
037 _b2592, 06/09/2007, Bharat Scientific Syndicate
_cTextual
040 _aCRL
_cCRL
_beng
041 _2eng
_aeng
082 _aV1:19(X).P1, P5
100 _aPayne Anthony
_9495792
245 0 _aGlobal politics of unequal development
260 _aNew York
_bPalgrave Macmillan U. S. A.
_c2005
300 _a304p.
_ccm.
650 _aHISTORY
942 _hV1:19(X).P1, P5
_cTEXL
_2cc
999 _c997087
_d997087